Principles of Political Science (Record no. 16107)
[ view plain ]
| 000 -LEADER | |
|---|---|
| fixed length control field | 00227nam a22000977a 4500 |
| 003 - CONTROL NUMBER IDENTIFIER | |
| control field | OSt |
| 008 - FIXED-LENGTH DATA ELEMENTS--GENERAL INFORMATION | |
| fixed length control field | 191106b ||||| |||| 00| 0 eng d |
| 100 ## - MAIN ENTRY--AUTHOR NAME | |
| Personal name | Gilchrst,R N. |
| 245 ## - TITLE STATEMENT | |
| Title | Principles of Political Science |
| 942 ## - ADDED ENTRY ELEMENTS (KOHA) | |
| Koha item type | Books |
No items available.
